000 00784nam a2200229Ii 4500
003 JO-AjNU
008 230605s9999||||xx |||||||||||||| ||und||
017 _a2001-14341
040 _aJO-AjNU
_bara
_erda
_cJO-AjNU
041 _aara
050 1 4 _aQA303 .A9612 2001
100 3 _aايرس، فرانك/ م. مشارك اليوت مندلسون ,
_eauthor
_931160
245 0 0 _a حساب التفاضل والتكامل
250 _aط1
264 3 1 _aالقاهرة:الدار الدولية، 2001
300 _a142ص
336 _atext
_btxt
_2rdacontent
337 _aunmediated
_bn
_2rdamedia
338 _avolume
_bnc
_2rdacarrier
490 0 _a شوم المقررات الجامعية 
650 4 _a تفاضل و تكامل - مسائل و تمارين. 
_931161
999 _aA12433
_c16001
_d16001